Bioinformatics : (Record no. 36833)
[ view plain ]
| 000 -LEADER | |
|---|---|
| fixed length control field | 01166nam a2200277 a 4500 |
| 001 - CONTROL NUMBER | |
| control field | 36833 |
| 003 - CONTROL NUMBER IDENTIFIER | |
| rucl marc code | BD-RjUL |
| 005 - DATE AND TIME OF LATEST TRANSACTION | |
| control field | 20211209052540.0 |
| 008 - FIXED-LENGTH DATA ELEMENTS--GENERAL INFORMATION | |
| fixed length control field | 140915r20072006enka b 001 0 eng |
| 020 ## - INTERNATIONAL STANDARD BOOK NUMBER | |
| International Standard Book Number | 1842653008 (hbk.) |
| International Standard Book Number | 9781842653005 (hbk.) |
| 029 1# - (OCLC) | |
| OCLC library identifier | YDXCP |
| System control number | 2246578 |
| 035 ## - SYSTEM CONTROL NUMBER | |
| System control number | (OCoLC)64966107 |
| 040 ## - CATALOGING SOURCE | |
| Original cataloging agency | UKM |
| Transcribing agency | UKM |
| Modifying agency | BAKER |
| -- | BWKUK |
| -- | CLU |
| -- | YDXCP |
| -- | MYG |
| -- | OrLoB-B |
| Language of cataloging | eng |
| 041 ## - LANGUAGE CODE | |
| Language code of text/sound track or separate title | eng |
| 082 04 - DEWEY DECIMAL CLASSIFICATION NUMBER | |
| Classification number | 572.80285 |
| Edition number | 22 |
| 100 1# - MAIN ENTRY--PERSONAL NAME | |
| Personal name | Gautham, N. |
| 9 (RLIN) | 112354 |
| 245 10 - TITLE STATEMENT | |
| Title | Bioinformatics : |
| Remainder of title | databases and algorithms / |
| Statement of responsibility, etc. | N. Gautham. |
| 260 ## - PUBLICATION, DISTRIBUTION, ETC. (IMPRINT) | |
| Place of publication, distribution, etc. | Oxford : |
| Name of publisher, distributor, etc. | Alpha Science, |
| Date of publication, distribution, etc. | c2006 [Reprinted 2007] |
| 300 ## - PHYSICAL DESCRIPTION | |
| Pagination | xii, 248 p. : |
| Illustrations | ill. ; |
| Size | 25 cm. |
| 504 ## - BIBLIOGRAPHY, ETC. NOTE | |
| Bibliography, etc | Includes bibliographical references (p. [240]-242) and index. |
| 505 00 - FORMATTED CONTENTS NOTE | |
| Title | Introduction -- |
| -- | Data types and databases in molecular biology -- |
| -- | Sequence alignment -- |
| -- | Multiple alignment, substitution matrices and phylogenetic trees -- |
| -- | Protein and DNA sequence analyses -- |
| -- | Determination and analysis of molecular structures -- |
| -- | Protein structure prediction and protein folding -- |
| -- | Nucleic acid structure. |
| 650 #0 - SUBJECT ADDED ENTRY--TOPICAL TERM | |
| Topical term or geographic name as entry element | Bioinformatics. |
| 9 (RLIN) | 1480 |
| 942 ## - ADDED ENTRY ELEMENTS (KOHA) | |
| Source of classification or shelving scheme | Dewey Decimal Classification |
| Koha item type | Books |
| Lost status | Source of classification or shelving scheme | Damaged status | Not for loan | Permanent Location | Current Location | Shelving location | Date acquired | Cost, normal purchase price | Total Checkouts | Full call number | Date last seen | Copy number | Koha item type |
|---|---|---|---|---|---|---|---|---|---|---|---|---|---|
| Dewey Decimal Classification | Not For Loan | Institute of Biological Sciences (IBSc) Library | Institute of Biological Sciences (IBSc) Library | 15/09/2014 | 665.00 | 572.80285 GAB 2007 | 15/09/2014 | C-2 | Books |